| 000 | 00803nam 22002533 4500 | ||
|---|---|---|---|
| 001 | 200077 | ||
| 010 | _a972-8708-00-9 | ||
| 021 |
_aPT _b168426/01 |
||
| 090 | _a200077 | ||
| 100 | _a20260121d u||y0pory50 ba | ||
| 101 | _apor | ||
| 102 | _aPT | ||
| 200 |
_aJaime, o Pastilha Elástica _eO Terrível Mosquito _fManuel Arouca _gIlustração de Rita Maia Moura |
||
| 205 | _a1ª ; 1ª reimp. | ||
| 210 |
_aS. João do Estoril _cSopa de Letras _d2002 |
||
| 215 |
_a126, [2] p. : il. _cBrochado _d21 cm |
||
| 300 | _aAventura juvenil | ||
| 606 |
_951 _aLiteratura Juvenil Portuguesa |
||
| 675 |
_a821.134.3-311.3-93/ARO/JAI _vPT _zpor |
||
| 700 |
_92481 _aArouca _bManuel _f1955- |
||
| 702 |
_915876 _aMoura _bRita Maia |
||
| 801 |
_aPT _bBMMN _gRPC |
||
| 830 |
_cCarlos Pinto _d21-01-2026 _fCarlos Pinto |
||
| 990 | _cLIVROS | ||